[Event "Le Touquet op 13th"]
[Site "Le Touquet"]
[Date "1998.??.??"]
[Round "6"]
[White "Brunner, Nicolas"]
[Black "Leonardon, Marc"]
[Result "1/2-1/2"]
[WhiteElo "2050"]
[BlackElo "2185"]
[PlyCount "25"]
[EventDate "1998.10.??"]
[EventType "swiss"]
[EventRounds "7"]
[EventCountry "FRA"]
[SourceTitle "EXT 2020"]
[Source "ChessBase"]
[SourceDate "2019.10.17"]
[SourceVersion "1"]
[SourceVersionDate "2019.10.17"]
[SourceQuality "1"]

1. c4 Nf6 2. Nc3 g6 3. g3 Bg7 4. Bg2 d6 5. e3 c6 6. Nge2 0-0 7. 0-0 e5 8. d3 a5 9. b3 Na6 10. Ba3 Re8 11. Qc2 Bf5 12. Ne4 Nb4 13. Qd2 1/2-1/2